=LDR 00000nam 2200000 4500 =001 INLIS000000000038023 =005 20130612143723 =008 ***********************************Ind** =035 ##$$0010-061300000038023 =041 ##$$a Ind =082 ##$$a 2x5.4 =090 ##$$a 2x5.4 , Mut k =100 ##$$a Mutmainnah, Mutia =245 ##$$a Keajaiban Doa =260 ##$$a 2009 $b Jakarta =300 ##$$a 274 hlm. , 21 cm =850 ##$$a NBPNMAT